European City Scramble - Statistics

General Stats
  • This quiz has been taken 40 times
  • The average score is 14 of 15
Answer Stats
Hint Answer % Correct
nloodn London
100%
loos Oslo
100%
spira Paris
100%
mero Rome
100%
rwaaws Warsaw
100%
msnik Minsk
97%
icvnee Venice
97%
rnilbe Berlin
95%
stpuedab Budapest
95%
igar Riga
95%
surblses Brussels
86%
bniudl Dublin
84%
navnei Vienna
81%
caonlbrae Barcelona
78%
hatnes Athens
76%
No matching quizzes found
Score Distribution
Percent of People with Each Score
Percentile by Number Answered
Your Score History
You have not taken this quiz